[Event "Welsh Chess Championship 2016"]
[Site "Cardiff"]
[Date "2016.03.28"]
[Round "6.3"]
[White "Rodriguez, Juan Talavera"]
[Black "Saunders., Walter N. R"]
[Result "1-0"]
[WhiteElo "1983"]
[BlackElo "2054"]
[PlyCount "93"]
[EventDate "2016.03.25"]
[EventType "swiss"]
[EventRounds "7"]
[EventCountry "WLS"]

1. e4 g6 2. d4 Bg7 3. Nc3 d6 4. Nf3 a6 5. Be3 b5 6. Bd3 Nd7 7. Ne2 Bb7 8. Ng3
Ngf6 9. h3 c5 10. c3 cxd4 11. cxd4 h5 12. Nd2 e5 13. d5 h4 14. Ne2 Nh5 15. O-O
Nc5 16. Bc2 Rc8 17. Re1 O-O 18. Nf3 Bf6 19. Qd2 Re8 20. Rad1 Re7 21. Nh2 Rec7
22. Bb1 Be7 23. Ng4 Nf6 24. Nh6+ Kf8 25. f3 Nh5 26. f4 exf4 27. Nxf4 Nxf4 28.
Bxf4 Rd7 29. Rf1 Bf6 30. Be3 Be5 31. Bd4 f6 32. Bxe5 dxe5 33. Ng4 Rf7 34. Qh6+
Ke7 35. Nxe5 fxe5 36. Rxf7+ Kxf7 37. Rf1+ Ke7 38. Qg7+ Kd6 39. Rf6+ Qxf6 40.
Qxf6+ Kc7 41. Qxe5+ Kb6 42. Qd4 a5 43. Bd3 b4 44. Be2 Re8 45. Bf3 Kb5 46. e5
Rd8 47. e6 1-0

[Event "Welsh Chess Championship 2016"]
[Site "Cardiff"]
[Date "2016.03.28"]
[Round "6.4"]
[White "Sands, David A"]
[Black "Tomboline, David"]
[Result "1/2-1/2"]
[WhiteElo "2142"]
[BlackElo "1934"]
[PlyCount "20"]
[EventDate "2016.03.25"]
[EventType "swiss"]
[EventRounds "7"]
[EventCountry "WLS"]

1. d4 d5 2. Nf3 Nf6 3. c4 c6 4. e3 Bf5 5. Nc3 e6 6. Nh4 Bg6 7. Nxg6 hxg6 8. Bd3
Nbd7 9. O-O Bd6 10. h3 O-O 1/2-1/2

[Event "Welsh Chess Championship 2016"]
[Site "Cardiff"]
[Date "2016.03.28"]
[Round "6.5"]
[White "Bullen, Alex"]
[Black "Pleasants, Allan J"]
[Result "1/2-1/2"]
[WhiteElo "2018"]
[BlackElo "2072"]
[PlyCount "42"]
[EventDate "2016.03.25"]
[EventType "swiss"]
[EventRounds "7"]
[EventCountry "WLS"]

1. e4 d6 2. d4 Nf6 3. Nc3 Nbd7 4. Nf3 e5 5. dxe5 dxe5 6. Bc4 Bb4 7. O-O O-O 8.
Bg5 c6 9. Qe2 Qc7 10. Bb3 h6 11. Bh4 Be7 12. Rfd1 Nc5 13. Bg3 Nfd7 14. Rd2 Nxb3
15. axb3 Bg5 16. Nxg5 hxg5 17. Qg4 f6 18. Qe6+ Rf7 19. Rad1 Nf8 20. Qe8 Re7 21.
Qd8 Kf7 1/2-1/2

[Event "Welsh Chess Championship 2016"]
[Site "Cardiff"]
[Date "2016.03.28"]
[Round "6.6"]
[White "Young, Alan"]
[Black "Ralphs, Nigel"]
[Result "1-0"]
[WhiteElo "2072"]
[BlackElo "2020"]
[PlyCount "127"]
[EventDate "2016.03.25"]
[EventType "swiss"]
[EventRounds "7"]
[EventCountry "WLS"]

1. e4 e5 2. Nf3 Nf6 3. d4 Nxe4 4. Bd3 d5 5. Nxe5 Nd7 6. Nxd7 Bxd7 7. Nc3 Nxc3
8. bxc3 Bd6 9. Qh5 Qe7+ 10. Be3 c6 11. O-O g6 12. Qh6 O-O-O 13. c4 f6 14. cxd5
cxd5 15. c4 dxc4 16. Bxc4 Qe4 17. f3 Qf5 18. Rab1 Qh5 19. Qxh5 gxh5 20. Rfc1
Kb8 21. Ba6 b6 22. d5 Bc8 23. Bxb6 axb6 24. Bxc8 Ka7 25. Be6 Bc5+ 26. Kf1 h6
27. Rc4 Rh7 28. Rh4 Kb7 29. Rxh5 Kc7 30. Rf5 Rf8 31. Rf4 Ra8 32. Rb2 Kd6 33.
Re2 Rf8 34. Rh4 Ra8 35. a4 Ra5 36. Bf5 Re7 37. Rxe7 Kxe7 38. Bc2 b5 39. axb5
Rxb5 40. Re4+ Kd6 41. Ke2 Rb2 42. Kd3 Kxd5 43. Kc3 Rb8 44. Bb3+ Kd6 45. Re6+
Kd7 46. Rxf6 Bf8 47. Rf7+ Kd6 48. h4 Be7 49. Rh7 Bf8 50. g4 Ke5 51. Rf7 Bb4+
52. Kc4 Bd2 53. Rf5+ Ke6 54. Kd3+ Rxb3+ 55. Kxd2 Ke7 56. Ke2 Rb2+ 57. Ke3 Rb3+
58. Kf4 Rb4+ 59. Kg3 Rb1 60. Rh5 Rb6 61. g5 hxg5 62. Rh7+ Kf8 63. hxg5 Kg8 64.
Ra7 1-0

[Event "Welsh Chess Championship 2016"]
[Site "Cardiff"]
[Date "2016.03.28"]
[Round "6.7"]
[White "Heaven, Peter"]
[Black "Guy, David"]
[Result "1-0"]
[WhiteElo "2033"]
[BlackElo "1882"]
[PlyCount "89"]
[EventDate "2016.03.25"]
[EventType "swiss"]
[EventRounds "7"]
[EventCountry "WLS"]

1. e4 e5 2. Nf3 Nc6 3. Bb5 a6 4. Ba4 Nf6 5. O-O Be7 6. Qe2 O-O 7. c3 d6 8. h3
Bd7 9. Bc2 h6 10. d4 b5 11. Rd1 Qb8 12. Nbd2 Re8 13. Nf1 Bf8 14. Ng3 Bc8 15.
Be3 Na5 16. Nh4 Nc4 17. Bc1 c6 18. b3 Nb6 19. Qf3 Nh7 20. Nhf5 Ra7 21. h4 Rb7
22. Be3 c5 23. Nxd6 Qxd6 24. dxc5 Qc6 25. cxb6 Qxc3 26. Bd3 Ba3 27. Bf1 Nf6 28.
Nf5 Bxf5 29. Qxf5 Qc6 30. g4 Nd7 31. Rd3 Nxb6 32. Rad1 g6 33. Qf3 Kg7 34. Qe2
Rd7 35. Rxd7 Nxd7 36. Qd2 Nf6 37. Bxh6+ Kh7 38. f3 Rc8 39. Bg5 Nxe4 40. fxe4
Qxe4 41. Bg2 Bc5+ 42. Kh1 Qxg4 43. Rf1 Rc7 44. Qd8 Rd7 45. Qc8 1-0

[Event "Welsh Chess Championship 2016"]
[Site "Cardiff"]
[Date "2016.03.28"]
[Round "6.8"]
[White "Van Kemenade, Rudy"]
[Black "Thomas, Ben"]
[Result "0-1"]
[WhiteElo "1968"]
[BlackElo "1983"]
[PlyCount "44"]
[EventDate "2016.03.25"]
[EventType "swiss"]
[EventRounds "7"]
[EventCountry "WLS"]

1. d4 b6 2. c4 Bb7 3. Nc3 e6 4. a3 d5 5. Nf3 Nf6 6. Bg5 Be7 7. Rc1 a6 8. Bxf6
Bxf6 9. cxd5 exd5 10. e3 Nd7 11. Qb3 Nf8 12. Bd3 Ne6 13. Ne2 c5 14. dxc5 Nxc5
15. Rxc5 bxc5 16. Qxb7 O-O 17. O-O Rb8 18. Qxa6 Rxb2 19. Rd1 c4 20. Bxc4 dxc4
21. Rxd8 Rb1+ 22. Ne1 Rxe1# 0-1

[Event "Welsh Chess Championship 2016"]
[Site "Cardiff"]
[Date "2016.03.28"]
[Round "6.9"]
[White "Taylor, Robert Graham"]
[Black "Staniforth, Matthew"]
[Result "0-1"]
[WhiteElo "1980"]
[BlackElo "1857"]
[PlyCount "46"]
[EventDate "2016.03.25"]
[EventType "swiss"]
[EventRounds "7"]
[EventCountry "WLS"]

1. d4 Nf6 2. c4 c5 3. Nf3 cxd4 4. Nxd4 b6 5. Nc3 Bb7 6. f3 e6 7. Nc2 a6 8. e3
Qc7 9. Qe2 Bd6 10. f4 O-O 11. Rg1 Be7 12. Bd2 Nc6 13. g4 d5 14. g5 Ne4 15. cxd5
Nb4 16. Nxb4 Nxd2 17. Qxd2 Bxb4 18. dxe6 Rad8 19. Qc2 Rfe8 20. Bd3 Rxe6 21. Kf2
Bc5 22. Rg4 Rxe3 23. Kf1 Rdxd3 0-1

[Event "Welsh Chess Championship 2016"]
[Site "Cardiff"]
[Date "2016.03.28"]
[Round "6.10"]
[White "Ehsandar, Peter"]
[Black "Davis, Lee"]
[Result "1-0"]
[WhiteElo "1911"]
[BlackElo "1977"]
[PlyCount "107"]
[EventDate "2016.03.25"]
[EventType "swiss"]
[EventRounds "7"]
[EventCountry "WLS"]

1. e4 g6 2. d4 d6 3. Nf3 Bg7 4. Be2 Nf6 5. Nc3 O-O 6. Be3 Bg4 7. O-O Nc6 8. d5
Bxf3 9. Bxf3 Ne5 10. Be2 c6 11. Bd4 Ned7 12. Qd2 Nb6 13. a4 cxd5 14. exd5 Rc8
15. Ra3 e6 16. dxe6 fxe6 17. Rd1 Nc4 18. Bxc4 Rxc4 19. Qe2 Qc8 20. Bxa7 d5 21.
Rd4 Rc6 22. Rd2 Bh6 23. Be3 Bg7 24. Bd4 Rc4 25. Ra1 Rxc3 26. bxc3 Ne4 27. Rd3
Bxd4 28. cxd4 Rxf2 29. Qg4 Rxc2 30. Rf1 Rc1 31. Rdd1 Rxd1 32. Rxd1 Kg7 33. h3
Qe8 34. Rb1 Qc6 35. Qf4 g5 36. Qe5+ Kg6 37. Kh2 Nf6 38. Rf1 Nd7 39. Qe2 Qd6+
40. Kh1 Nf6 41. Qf3 Qe7 42. Rb1 Qc7 43. Rf1 Qe7 44. Qg3 Ne4 45. Qe5 Qd6 46.
Rf6+ Kg7 47. Rxe6+ Qxe5 48. Rxe5 Nc3 49. a5 Kf6 50. Kg1 h5 51. Kf1 g4 52. h4
Kg6 53. Re7 Kf5 54. Rxb7 1-0

[Event "Welsh Chess Championship 2016"]
[Site "Cardiff"]
[Date "2016.03.28"]
[Round "6.11"]
[White "Thomas, James"]
[Black "Fathallah, Joe"]
[Result "1/2-1/2"]
[WhiteElo "1911"]
[BlackElo "1969"]
[PlyCount "54"]
[EventDate "2016.03.25"]
[EventType "swiss"]
[EventRounds "7"]
[EventCountry "WLS"]

1. e4 e6 2. d4 d5 3. e5 c5 4. c3 Nc6 5. Nf3 Bd7 6. a3 c4 7. Nbd2 f6 8. b4 cxb3
9. c4 fxe5 10. cxd5 Nxd4 11. Nxd4 exd4 12. dxe6 Bxe6 13. Bb5+ Bd7 14. Qxb3 Bxb5
15. Qxb5+ Qd7 16. Qxd7+ Kxd7 17. O-O Nf6 18. Nf3 Bd6 19. Rd1 Rad8 20. Bb2 Kc8
21. Nxd4 Rhe8 22. Nb5 Bc5 23. Rdc1 b6 24. a4 Kb8 25. Rd1 Ne4 26. Bd4 Bxd4 27.
Nxd4 Kb7 1/2-1/2

[Event "Welsh Chess Championship 2016"]
[Site "Cardiff"]
[Date "2016.03.28"]
[Round "6.12"]
[White "Waterfield, John W"]
[Black "Robinson, David"]
[Result "1-0"]
[WhiteElo "1912"]
[BlackElo "1903"]
[PlyCount "45"]
[EventDate "2016.03.25"]
[EventType "swiss"]
[EventRounds "7"]
[EventCountry "WLS"]

1. e4 d5 2. exd5 Qxd5 3. Nc3 Qa5 4. d4 Nf6 5. Bc4 Bf5 6. Bd2 c6 7. Qe2 Qd8 8.
Nf3 e6 9. O-O-O Be7 10. h3 Nbd7 11. Bf4 Nb6 12. g4 Bg6 13. Ne5 Nxc4 14. Qxc4
Be4 15. Nxe4 Nxe4 16. Rhe1 Qd5 17. Qe2 Nf6 18. g5 Nd7 19. c4 Qa5 20. Nxf7 Qf5
21. Nd6+ Bxd6 22. Qxe6+ Qxe6 23. Rxe6+ 1-0

[Event "Welsh Chess Championship 2016"]
[Site "Cardiff"]
[Date "2016.03.28"]
[Round "6.13"]
[White "Van Kemenade, Julie"]
[Black "Shakespeare, John"]
[Result "1-0"]
[WhiteElo "1728"]
[BlackElo "1948"]
[PlyCount "157"]
[EventDate "2016.03.25"]
[EventType "swiss"]
[EventRounds "7"]
[EventCountry "WLS"]

1. e4 e6 2. d3 d5 3. Qe2 Ne7 4. Nf3 c5 5. g3 Nbc6 6. Bg2 d4 7. Nbd2 e5 8. O-O
Ng6 9. Ne1 Bd6 10. Ndf3 Bd7 11. a3 Qc7 12. Ng5 f6 13. Ngf3 O-O-O 14. Bd2 Bg4
15. b4 Qd7 16. c4 Bh3 17. b5 Nce7 18. a4 h5 19. Bxh3 Qxh3 20. Ng2 h4 21. a5
hxg3 22. fxg3 Rh7 23. Nge1 Rdh8 24. Qg2 Qd7 25. Kf2 Nf8 26. Nc2 Ne6 27. Rh1 g5
28. a6 b6 29. Raf1 Ng6 30. Ke2 Bf8 31. Kd1 Bh6 32. Be1 g4 33. Nh4 Nxh4 34. gxh4
Nf4 35. Qg3 Nh5 36. Qf2 Nf4 37. Qg3 Rg8 38. Na3 Nh5 39. Qf2 Bf4 40. Qc2 Rhg7
41. Qe2 Qf7 42. Nc2 Kc7 43. Rhg1 g3 44. hxg3 Bxg3 45. Rf5 Nf4 46. Qf3 Bxe1 47.
Rxg7 Qxg7 48. Rxf4 Bc3 49. Rxf6 Qg1+ 50. Qf1 Qxf1+ 51. Rxf1 Rg7 52. Ne1 Bxe1
53. Kxe1 Rh7 54. Rh1 Kd6 55. Kf2 Ke6 56. Kg3 Rg7+ 57. Kh3 Kf6 58. Rf1+ Ke7 59.
Rf3 Rg1 60. Kh2 Re1 61. Kh3 Rh1+ 62. Kg4 Rg1+ 63. Rg3 Re1 64. Kg5 Re3 65. Kg4
Re1 66. h5 Kf6 67. Kh4 Rh1+ 68. Rh3 Rf1 69. Kg4 Rg1+ 70. Rg3 Rh1 71. Rf3+ Ke6
72. Kg5 Rg1+ 73. Kh6 Re1 74. Kg7 Re3 75. Rf6+ Ke7 76. Rf7+ Ke6 77. Rf6+ Ke7 78.
h6 Rh3 79. Rg6 1-0

[Event "Welsh Chess Championship 2016"]
[Site "Cardiff"]
[Date "2016.03.28"]
[Round "6.14"]
[White "Bevan, Peter M"]
[Black "Turner, Joseph David"]
[Result "0-1"]
[WhiteElo "1999"]
[BlackElo "1894"]
[PlyCount "90"]
[EventDate "2016.03.25"]
[EventType "swiss"]
[EventRounds "7"]
[EventCountry "WLS"]

1. c4 c5 2. g3 e6 3. Bg2 Nc6 4. Nc3 f5 5. e4 fxe4 6. Bxe4 Nf6 7. Bg2 d5 8. cxd5
exd5 9. Nxd5 Nxd5 10. Qh5+ g6 11. Qxd5 Qe7+ 12. Qe4 Be6 13. Bh3 Bd5 14. Qxe7+
Bxe7 15. f3 Nd4 16. Kf2 Nc2 17. b3 Nxa1 18. Bb2 O-O 19. Bxa1 Bf6 20. Bxf6 Rxf6
21. Bg2 Ra6 22. a4 Rb6 23. Ne2 Rxb3 24. Nc3 Bc6 25. Re1 Rd8 26. Re2 Rb2 27. Ke1
Rc2 28. f4 Bxg2 29. Rxg2 Rd3 30. Re2 b6 31. Ne4 Rf3 32. d4 Rxe2+ 33. Kxe2 Ra3
34. dxc5 Ra2+ 35. Kd3 bxc5 36. Nxc5 Rxh2 37. Kc4 Rg2 38. Ne4 Ra2 39. Nc3 Rg2
40. Ne4 h5 41. Kb5 Re2 42. Nf6+ Kf7 43. Nd5 Ke6 44. Kc4 Re4+ 45. Kc5 Rxa4 0-1

[Event "Welsh Chess Championship 2016"]
[Site "Cardiff"]
[Date "2016.03.28"]
[Round "7.1"]
[White "Kett, Tim"]
[Black "Rodriguez, Juan Talavera"]
[Result "1-0"]
[WhiteElo "2180"]
[BlackElo "1983"]
[PlyCount "119"]
[EventDate "2016.03.25"]
[EventType "swiss"]
[EventRounds "7"]
[EventCountry "WLS"]

1. e4 e5 2. Nf3 Nc6 3. Bc4 Bc5 4. b4 Bxb4 5. c3 Ba5 6. d4 exd4 7. O-O Nf6 $6 8.
e5 (8. Ba3 d6 9. e5) 8... d5 9. exf6 dxc4 10. cxd4 $2 (10. Re1+ Be6 11. fxg7
Rg8 12. Bg5 Qd5 13. Nbd2 {seems to give White enough play for the P(s)}) 10...
gxf6 $5 {Very enterprising and it succeeds.} (10... Be6 11. fxg7 Rg8 {is also
good for Black.}) 11. d5 Ne5 12. Nxe5 fxe5 13. Bb2 $6 (13. Qa4+ c6 14. dxc6
bxc6 15. Qxc6+ Bd7 16. Qf3 $11) 13... Bd7 14. f4 $2 {Typical Tim going for
tension and activity} (14. Bxe5 {is fine to hold the balance.}) 14... Rg8 15.
Nc3 $4 (15. Bc3) 15... Qh4 $2 (15... Bh3 $1 {and White has no good way to
avoid losing a lot of material}) 16. Qe1 Qh3 17. Qxe5+ Kd8 18. Qe2 $4 Bg4 {too
clever} (18... Bxc3 {is just winning!}) 19. Qd2 Bf3 20. Rxf3 Qxf3 21. Re1 (21.
Kh1 {is better}) 21... Qd3 $2 (21... Kd7 $1 {The engines say White is losing
badly!}) 22. Qxd3 cxd3 23. Rd1 Bb6+ 24. Kf1 d2 25. Ne4 Re8 (25... Ba5 {Black
has drifted over the last few moves and White has some hopes of saving the
game.}) 26. Bf6+ Kd7 27. Be5 Rxe5 28. fxe5 Bd4 29. Rxd2 Bxe5 30. Nc5+ Ke7 31.
Nxb7 Bxh2 32. Re2+ Kf8 (32... Kf6 {is better}) 33. Kf2 Bd6 34. Nxd6 cxd6 35.
Rc2 Rb8 36. Rc6 {White has escaped the worst and should now draw the game.}
Rb2+ 37. Kf3 Rxa2 38. Rxd6 Ke7 39. Rh6 a5 40. Rxh7 Rd2 41. Ke4 Rxg2 42. Rh8
Rg4+ 43. Kf5 Rb4 44. Ra8 Rb5 45. Ke5 f6+ 46. Kd4 f5 47. Ke5 {If Black sensed
the impending danger, he could play Rb6 jettison his Ps and play it as a
Philidor position draw.} f4 48. Ra7+ Kd8 $4 (48... Kf8 $1 {keeping away from
mate threats is now the only way to draw.}) 49. Ke6 $1 {Tim finishes very
accurately} Rb2 50. Ra8+ $1 Kc7 51. d6+ $1 Kc6 52. Rc8+ $1 Kb7 53. d7 $1 Re2+
54. Kf5 Rd2 55. d8=Q Rxd8 56. Rxd8 Kb6 57. Kxf4 Kc5 58. Ke3 Kc4 59. Kd2 Kb3 60.
Kc1 1-0

[Event "Welsh Chess Championship 2016"]
[Site "Cardiff"]
[Date "2016.03.28"]
[Round "7.2"]
[White "Zeidler, Sven P."]
[Black "Sands, David A"]
[Result "1/2-1/2"]
[WhiteElo "2190"]
[BlackElo "2142"]
[PlyCount "94"]
[EventDate "2016.03.25"]
[EventType "swiss"]
[EventRounds "7"]
[EventCountry "WLS"]

1. e4 e6 2. d4 d5 3. exd5 exd5 4. Nf3 Nf6 5. Bg5 Be7 6. Bd3 O-O 7. O-O h6 8.
Bf4 Re8 9. c4 Nc6 10. h3 Nb4 11. Be2 dxc4 12. Bxc4 Nbd5 13. Be5 c6 14. Nc3 Nb6
15. Bd3 Bf8 16. Bc2 Be6 17. Re1 g6 18. Nd2 Nbd7 19. Bh2 Bg7 20. Nde4 Nxe4 21.
Nxe4 Bf5 22. Re3 Bxe4 23. Rxe4 Rxe4 24. Bxe4 Qb6 25. Bf4 Rd8 26. Be3 Nf6 27.
Bf3 Nd5 28. Qd2 Kh7 29. Rc1 Qc7 30. b4 a6 31. a4 Qb6 32. Rc4 Bf8 33. Qb2 Rd7
34. g3 Qd8 35. Kg2 Nb6 36. Rc2 Nxa4 37. Qa2 Nb6 38. Bg4 Rc7 39. Bf4 Bd6 40. Qa5
Nd5 41. Bxd6 Qxd6 42. Qc5 Qd8 43. Re2 Nf6 44. Bf3 Rd7 45. Qa7 Kg7 46. h4 Qf8
47. d5 Qxb4 1/2-1/2

[Event "Welsh Chess Championship 2016"]
[Site "Cardiff"]
[Date "2016.03.28"]
[Round "7.3"]
[White "Pleasants, Allan J"]
[Black "Brown, Thomas"]
[Result "1/2-1/2"]
[WhiteElo "2072"]
[BlackElo "2093"]
[PlyCount "76"]
[EventDate "2016.03.25"]
[EventType "swiss"]
[EventRounds "7"]
[EventCountry "WLS"]

1. d4 Nf6 2. Nf3 g6 3. g3 Bg7 4. Bg2 c5 5. c3 O-O 6. O-O cxd4 7. cxd4 d5 8. Nc3
Ne4 9. Nxe4 dxe4 10. Ng5 Qxd4 11. Qxd4 Bxd4 12. Nxe4 Bg4 13. Bh6 Rc8 14. Rac1
Bxb2 15. Rxc8+ Bxc8 16. Rd1 Nc6 17. Nc5 Bg7 18. Bxc6 Bxh6 19. Rd8+ Kg7 20. Bd7
b6 21. Bc6 Rb8 22. Na6 Bxa6 23. Rxb8 Bxe2 24. Rb7 Bd2 25. Rxe7 Bc4 26. Rxa7 Ba5
27. a4 Kf6 28. Bb5 Bb3 29. Kf1 g5 30. f3 h5 31. Rc7 Ke5 32. h3 h4 33. gxh4 gxh4
34. Kg2 Kd4 35. Rc6 Be6 36. Rc2 Bc3 37. Re2 Bd5 38. Re8 Kc5 1/2-1/2

[Event "Welsh Chess Championship 2016"]
[Site "Cardiff"]
[Date "2016.03.28"]
[Round "7.4"]
[White "Jameson, David"]
[Black "Heaven, Peter"]
[Result "1-0"]
[WhiteElo "2103"]
[BlackElo "2033"]
[PlyCount "81"]
[EventDate "2016.03.25"]
[EventType "swiss"]
[EventRounds "7"]
[EventCountry "WLS"]

1. c4 e5 2. Nc3 Nf6 3. g3 d5 4. cxd5 Nxd5 5. Bg2 Nxc3 6. bxc3 Bc5 7. Qa4+ c6 8.
Nf3 Nd7 9. O-O O-O 10. d4 exd4 11. cxd4 Nb6 12. Qd1 Be7 13. Qc2 Bf6 14. Ba3 Re8
15. e3 Bg4 16. Nd2 Bh5 17. Ne4 Bg6 18. Nxf6+ Qxf6 19. Qb3 Qe6 20. Bc5 h6 21.
Qb2 Bd3 22. Rfc1 Bb5 23. Bxb6 axb6 24. a4 Bxa4 25. Qxb6 Qd7 26. Bf1 Bb5 27.
Bxb5 Rxa1 28. Rxa1 cxb5 29. Rb1 Rc8 30. Qxb5 Qe6 31. Qxb7 Rc2 32. Qf3 Rd2 33.
Kg2 g6 34. h4 Kh7 35. Rb7 Kg7 36. Rc7 h5 37. Rc6 Qe7 38. Rc5 Kh7 39. Re5 Qd7
40. Qe4 Kg7 41. Re7 1-0

[Event "Welsh Chess Championship 2016"]
[Site "Cardiff"]
[Date "2016.03.28"]
[Round "7.5"]
[White "Staniforth, Matthew"]
[Black "Young, Alan"]
[Result "1/2-1/2"]
[WhiteElo "1857"]
[BlackElo "2072"]
[PlyCount "81"]
[EventDate "2016.03.25"]
[EventType "swiss"]
[EventRounds "7"]
[EventCountry "WLS"]

1. e4 e5 2. Nf3 Nc6 3. Nc3 Nf6 4. Be2 d5 5. exd5 Nxd5 6. O-O Be7 7. Bb5 Nxc3 8.
bxc3 e4 9. Nd4 Qd5 10. Bb2 O-O 11. c4 Qd6 12. Bxc6 bxc6 13. Nb3 Qg6 14. f3 Bh3
15. Qe2 exf3 16. Qxf3 Bg4 17. Qd3 Qh6 18. Qe4 Be6 19. d3 f5 20. Qe2 Bd6 21. Be5
Rae8 22. Bxd6 cxd6 23. Qf2 f4 24. Rfe1 c5 25. Re4 f3 26. g3 d5 27. cxd5 Bxd5
28. Rxe8 Rxe8 29. Re1 Rc8 30. Nxc5 Qf6 31. c4 Ba8 32. Qe3 Rf8 33. Rf1 Qb2 34.
Qf2 Rb8 35. Nb3 Qf6 36. Qd4 Qe7 37. Nd2 Rd8 38. Qf4 Rf8 39. Qd4 Rd8 40. Qf4 Rf8
41. Qd4 1/2-1/2

[Event "Welsh Chess Championship 2016"]
[Site "Cardiff"]
[Date "2016.03.28"]
[Round "7.6"]
[White "Saunders., Walter N. R"]
[Black "Bullen, Alex"]
[Result "1/2-1/2"]
[WhiteElo "2054"]
[BlackElo "2018"]
[PlyCount "100"]
[EventDate "2016.03.25"]
[EventType "swiss"]
[EventRounds "7"]
[EventCountry "WLS"]

1. Nf3 d5 2. d4 Nf6 3. e3 c5 4. c3 Nc6 5. Be2 Bf5 6. O-O e6 7. Bb5 Bd6 8. Qa4
Qc7 9. dxc5 Bxc5 10. Nbd2 O-O 11. Nb3 Bd6 12. Nbd4 Nxd4 13. exd4 a6 14. Be2 b5
15. Qd1 b4 16. Bd2 bxc3 17. Bxc3 Rfc8 18. h3 Ne4 19. Be1 Qb6 20. b3 Ba3 21. Bd3
Nd6 22. Bxf5 Nxf5 23. Qd2 a5 24. Qd3 Rc7 25. Bd2 Bb2 26. Rab1 Bxd4 27. Nxd4
Qxd4 28. Qxd4 Nxd4 29. Rb2 h6 30. Rd1 Nf5 31. Bf4 Rc6 32. g4 Ne7 33. Rd4 f6 34.
Ra4 e5 35. Bd2 Rca6 36. Rc2 Nc6 37. Rc5 d4 38. f3 Kf7 39. Kf1 Ke6 40. Ke2 R8a7
41. Kd3 Kd6 42. Kc4 Ra8 43. a3 Kc7 44. h4 R6a7 45. h5 Kd6 46. Rd5+ Kc7 47. Rc5
Ra6 48. Be1 Kd6 49. Rd5+ Ke6 50. Rc5 Kd6 1/2-1/2

[Event "Welsh Chess Championship 2016"]
[Site "Cardiff"]
[Date "2016.03.28"]
[Round "7.7"]
[White "Tomboline, David"]
[Black "Ehsandar, Peter"]
[Result "0-1"]
[WhiteElo "1934"]
[BlackElo "1911"]
[PlyCount "74"]
[EventDate "2016.03.25"]
[EventType "swiss"]
[EventRounds "7"]
[EventCountry "WLS"]

1. d4 Nf6 2. Nf3 e6 3. c3 b6 4. Bf4 Bb7 5. Nbd2 Nh5 6. Bg5 f6 7. Be3 f5 8. Bg5
Nf6 9. e3 h6 10. Bxf6 Qxf6 11. Bd3 g5 12. e4 g4 13. Ne5 d6 14. Nec4 fxe4 15.
Bc2 Bg7 16. Qxg4 O-O 17. O-O-O Qf5 18. Qxf5 exf5 19. Ne3 Nd7 20. Bb3+ Kh8 21.
Nd5 Bxd5 22. Bxd5 Rae8 23. Bc6 Re7 24. Rde1 Nf6 25. h3 d5 26. Bb5 c5 27. dxc5
bxc5 28. Nb3 Rb7 29. Be2 c4 30. Nc5 Rb6 31. Bd1 Rc8 32. Na4 Ra6 33. f3 Nd7 34.
fxe4 Ne5 35. Bc2 Nd3+ 36. Bxd3 cxd3 37. b3 fxe4 0-1

[Event "Welsh Chess Championship 2016"]
[Site "Cardiff"]
[Date "2016.03.28"]
[Round "7.8"]
[White "Thomas, Ben"]
[Black "Van Kemenade, Julie"]
[Result "1-0"]
[WhiteElo "1983"]
[BlackElo "1728"]
[PlyCount "95"]
[EventDate "2016.03.25"]
[EventType "swiss"]
[EventRounds "7"]
[EventCountry "WLS"]

1. e4 d6 2. Nc3 Nf6 3. Nf3 c6 4. d4 Qc7 5. e5 dxe5 6. dxe5 Ng4 7. Qd4 h5 8. h3
Nh6 9. Bxh6 Rxh6 10. Ng5 e6 11. O-O-O Be7 12. Nce4 c5 13. Nd6+ Qxd6 14. Bb5+
Bd7 15. Qxd6 Bxd6 16. Bxd7+ Nxd7 17. Rxd6 Nxe5 18. Rhd1 Rf6 19. Ne4 Rf5 20.
Nxc5 Nc4 21. Nxb7 Rxf2 22. R6d3 Rb8 23. Rb3 Rc8 24. Rc3 Rb8 25. Rxc4 Rxb7 26.
g3 Ke7 27. b3 Rf3 28. Rd3 Rxd3 29. cxd3 Rd7 30. Kd2 g5 31. a4 f5 32. Ke3 Kf6
33. h4 g4 34. d4 Rd6 35. b4 a6 36. b5 axb5 37. axb5 Rb6 38. Rc5 Ke7 39. Kf4 Kf6
40. Re5 Rd6 41. Ke3 Ke7 42. Kd3 Rd5 43. Rxd5 exd5 44. Ke3 Kd6 45. Kf4 Kc7 46.
Kxf5 Kb6 47. Ke5 Kxb5 48. Kxd5 1-0

[Event "Welsh Chess Championship 2016"]
[Site "Cardiff"]
[Date "2016.03.28"]
[Round "7.9"]
[White "Ralphs, Nigel"]
[Black "Thomas, James"]
[Result "0-1"]
[WhiteElo "2020"]
[BlackElo "1911"]
[PlyCount "42"]
[EventDate "2016.03.25"]
[EventType "swiss"]
[EventRounds "7"]
[EventCountry "WLS"]

1. e4 e6 2. d4 d5 3. Nc3 Nf6 4. e5 Nfd7 5. f4 c5 6. Nf3 Nc6 7. Be3 cxd4 8. Nxd4
Bc5 9. Qd2 a6 10. O-O-O Nxd4 11. Bxd4 O-O 12. h4 b5 13. Rh3 Qa5 14. Kb1 b4 15.
Ne2 Nb6 16. b3 Bb7 17. Bb2 Nc4 18. bxc4 dxc4 19. c3 Be4+ 20. Ka1 Rad8 21. Nd4
b3 0-1

[Event "Welsh Chess Championship 2016"]
[Site "Cardiff"]
[Date "2016.03.28"]
[Round "7.10"]
[White "Fathallah, Joe"]
[Black "Waterfield, John W"]
[Result "0-1"]
[WhiteElo "1969"]
[BlackElo "1912"]
[PlyCount "50"]
[EventDate "2016.03.25"]
[EventType "swiss"]
[EventRounds "7"]
[EventCountry "WLS"]

1. d4 Nf6 2. c4 c5 3. d5 b5 4. cxb5 a6 5. f3 e6 6. e4 exd5 7. exd5 Qe7+ 8. Qe2
Nxd5 9. Qxe7+ Bxe7 10. Bd2 Bf6 11. Nc3 Nxc3 12. Bxc3 Bxc3+ 13. bxc3 axb5 14.
Bxb5 O-O 15. Ne2 Ba6 16. Bxa6 Rxa6 17. Kf2 Nc6 18. Rhd1 Ne5 19. f4 Ng4+ 20. Kf3
f5 21. Rxd7 Re8 22. Kg3 Rxe2 23. Rd5 Re3+ 24. Kh4 Rh6+ 25. Kg5 g6 0-1

[Event "Welsh Chess Championship 2016"]
[Site "Cardiff"]
[Date "2016.03.28"]
[Round "7.11"]
[White "Robinson, David"]
[Black "Taylor, Robert Graham"]
[Result "1-0"]
[WhiteElo "1903"]
[BlackElo "1980"]
[PlyCount "73"]
[EventDate "2016.03.25"]
[EventType "swiss"]
[EventRounds "7"]
[EventCountry "WLS"]

1. d4 Nf6 2. Nf3 g6 3. Bf4 Bg7 4. e3 O-O 5. Be2 d6 6. h3 b6 7. O-O Ba6 8. c4 c5
9. Nc3 Nbd7 10. Qa4 cxd4 11. exd4 Bb7 12. Rad1 h6 13. Bh2 Kh7 14. Qc2 Rc8 15.
d5 Ba6 16. Qb3 Ne8 17. Nd4 Nb8 18. Ncb5 Bxb5 19. Nxb5 a6 20. Nd4 Qc7 21. Qe3
Bf6 22. Bf4 Bg7 23. Rfe1 Nf6 24. b3 Ng8 25. Bg4 Rce8 26. h4 h5 27. Bf3 Nh6 28.
Qd3 Nd7 29. Bxh5 Bxd4 30. Qxd4 gxh5 31. Bxh6 Kxh6 32. Qf4+ Kh7 33. Qf5+ Kg8 34.
Qg5+ Kh8 35. Qxh5+ Kg8 36. Rd3 Ne5 37. Rxe5 1-0

[Event "Welsh Chess Championship 2016"]
[Site "Cardiff"]
[Date "2016.03.28"]
[Round "7.12"]
[White "Davis, Lee"]
[Black "Guy, David"]
[Result "1-0"]
[WhiteElo "1977"]
[BlackElo "1882"]
[PlyCount "57"]
[EventDate "2016.03.25"]
[EventType "swiss"]
[EventRounds "7"]
[EventCountry "WLS"]

1. d4 d5 2. g3 Nf6 3. Bg2 e6 4. Nf3 Be7 5. O-O O-O 6. c4 c5 7. cxd5 Nxd5 8. Nc3
Nxc3 9. bxc3 Nc6 10. e3 Qc7 11. Qa4 Bd7 12. Qc2 cxd4 13. exd4 Rac8 14. Bf4 Nb4
15. Qb1 Qxc3 16. a3 Nc2 17. Ra2 Bxa3 18. Bd2 Qd3 19. Rd1 Ba4 20. Bb4 Qb3 21.
Bxf8 Kxf8 22. Nd2 Qc3 23. Ne4 Qb3 24. Nd2 Qc3 25. Qxb7 Rc7 26. Qb8+ Rc8 27.
Qxa7 Bb3 28. Rxa3 Nxa3 29. Qxa3+ 1-0